000 00343nam a22001217a 4500
999 _c3721
_d3721
005 20201210160840.0
008 201210b ||||| |||| 00| 0 eng d
020 _a9780889204218
040 _cCML
245 _aSacred Sound.
_cBeck G.L.
260 _aCanada
_bWilfrid University
_c2006
942 _2ddc
_cBK
_e1st Edition
_h780
_mBEC